| 000 | 00435nam a2200181Ia 4500 | ||
|---|---|---|---|
| 001 | 14140 | ||
| 005 | 20260306164852.0 | ||
| 008 | 260306t1977||||xx |||||||||||||| ||spa|| | ||
| 041 | _aESP | ||
| 082 |
_a509 _bH82 |
||
| 100 |
_aHuarte de San Juan, H. _eAUT |
||
| 245 | 0 | _aExámen de ingenios para las ciencias | |
| 260 | _c1977 | ||
| 300 |
_a456 páginas : _c18 cm. |
||
| 650 | _aGEN | ||
| 654 | _aCCN | ||
| 942 |
_cLIB _dJUS _fJUS _2ddc _n |
||
| 999 |
_c14140 _d14140 |
||